Zbrane a strelivo vzorové otázky, študijný materiál ku skúškam a komentár k predpisom

Na minha lista:
Detalhes bibliográficos
Outros Autores: Machajová, Jozefína
Formato: Livro
Idioma:eslovaco
Publicado em: Bratislava EPOS 1994
Edição:1. vyd.
Assuntos:
Tags: Adicionar Tag
Sem tags, seja o primeiro a adicionar uma tag!

MARC

LEADER 00000nam a2200000 4500
001 c010955
005 20221128074759.1
020 |a 80-966982-4-9 
041 0 |a slo 
044 |a SK 
245 1 0 |a Zbrane a strelivo  |b vzorové otázky, študijný materiál ku skúškam a komentár k predpisom  |c zost. Jozefína Machajová 
250 |a 1. vyd. 
264 1 |a Bratislava  |b EPOS  |c 1994 
300 |a 200 s. 
610 2 0 |a zbrane 
610 2 0 |a poľovníctvo 
610 2 0 |a skúšky schopnosti 
610 2 0 |a predpisy právne 
700 1 |a Machajová, Jozefína